| 000 | 00411nam a2200133Ia 4500 | ||
|---|---|---|---|
| 005 | 20260328104333.0 | ||
| 008 | 260328s9999||||xx |||||||||||||| ||und|| | ||
| 100 | _aHofmeister, Sandra | ||
| 245 | 0 |
_aSnøhetta : _b Architektur und BauDetails / Architecture and Construction Details (Detail Special) / _cSandra Hofmeister |
|
| 260 | _bImpressum | ||
| 300 | _a200 p. | ||
| 650 | _aEDIFICIOS EN ALTURA | ||
| 942 | _cBK | ||
| 999 |
_c11779 _d11779 |
||